000 00493nam a2200181Ia 4500
001 23934
005 20260414151010.0
008 260414t2016||||xx |||||||||||||| ||spa||
041 _aESP
082 _a721.0441984
_bP87
100 _aProtzen, Jean-Pierre
_eAUT
245 0 _aLas piedras de Tiahuanaco :
_barquitectura y construcción de un centro megalítico andino
260 _c2016
300 _a381 páginas :
_c24 cm.
650 _aABD
654 _aCAU
942 _cLIB
_dJUS
_fJUS
_2ddc
_n
999 _c23934
_d23934